[Event "WEM MT 2016"]
[Site "?"]
[Date "2016.08.29"]
[Round "3.10"]
[White "Reck, Moritz"]
[Black "Pflaum, Stefan"]
[Result "0-1"]
[WhiteElo "2151"]
[BlackElo "2077"]
[PlyCount "66"]
[EventDate "2016.??.??"]
[WhiteTeam "TSV Schönaich"]
[BlackTeam "SC Botnang"]

1. e4 e5 2. Nc3 Nf6 3. g3 Nc6 4. Bg2 Bc5 5. d3 O-O 6. Bg5 h6 7. Bd2 d6 8. h3
Nd4 9. Be3 Bd7 10. Qd2 Bc6 11. O-O-O b5 12. f4 b4 13. Nce2 Nxe2+ 14. Nxe2 Bxe3
15. Qxe3 Qe7 16. f5 d5 17. g4 dxe4 18. dxe4 Rfd8 19. Bf3 Nd7 20. Qf2 Nc5 21.
Ng3 Rd4 22. Rxd4 exd4 23. Qxd4 Rd8 24. Qe3 Qe5 25. Bg2 Na4 26. Qb3 Qf4+ 27. Kb1
Qf2 28. Qf3 Qd4 29. c3 bxc3 30. bxc3 Nxc3+ 31. Kb2 Rb8+ 32. Kc2 Ba4+ 33. Kc1
Rb1# 0-1

[Event "WEM MT 2016"]
[Site "?"]
[Date "2016.08.29"]
[Round "3.12"]
[White "Jaeschke, Armin"]
[Black "Amos, Frank"]
[Result "0-1"]
[WhiteElo "2122"]
[BlackElo "2075"]
[PlyCount "72"]
[EventDate "2016.??.??"]
[WhiteTeam "SC Ostfildern"]
[BlackTeam "SK Lauffen"]

1. d4 g6 2. e4 Bg7 3. Be3 c5 4. c3 Qb6 5. Qd2 d6 6. Na3 Nf6 7. f3 O-O 8. Bd3 a6
9. Ne2 Qc7 10. Bh6 b5 11. Rc1 Nc6 12. h4 e5 13. d5 Ne7 14. c4 b4 15. Nc2 Kh8
16. Bxg7+ Kxg7 17. h5 Nfg8 (17... Nxh5 18. g4 Nf4 19. Nxf4 exf4) 18. g4 h6 19.
g5 hxg5 20. Qxg5 f6 21. Qg3 g5 22. f4 exf4 23. Nxf4 Nh6 24. Ne3 Qa5 25. Ne6+ (
25. Ng6 Re8 (25... Nxg6 26. hxg6 Qc7 27. Nf5+ Bxf5 28. exf5)) (25. O-O Qxa2 26.
Rc2) 25... Bxe6 26. dxe6 (26. Qxd6) 26... b3+ 27. Ke2 Qxa2 28. Qxd6 Qxb2+ 29.
Kf3 Rfe8 30. Nd5 g4+ (30... Qd4 31. Rcd1 Rad8 32. Qc7 Rxd5 33. cxd5 g4+ 34. Kg2
) 31. Kg3 Qd4 32. Rcd1 Rad8 33. Qc7 (33. Qf4) 33... Rxd5 34. cxd5 Qe3+ 35. Kg2
Qf3+ 36. Kg1 Qxd1+ 0-1

[Event "WEM MT 2016"]
[Site "?"]
[Date "2016.08.29"]
[Round "3.13"]
[White "Tschlatscher, Thomas"]
[Black "Kunert, Günter"]
[Result "1-0"]
[WhiteElo "2092"]
[BlackElo "2032"]
[PlyCount "87"]
[EventDate "2016.??.??"]
[WhiteTeam "Heilbronner SV"]
[BlackTeam "SV Dicker Turm Esslingen"]

1. b3 c5 2. Bb2 Nc6 3. e3 Nf6 4. c4 g6 5. Bxf6 exf6 6. Nc3 Bg7 7. g3 f5 8. Rc1
Bxc3 9. dxc3 d6 10. Bg2 Be6 11. Ne2 Qd7 12. Nf4 Rd8 13. h4 Ne7 14. Rc2 Qc7 15.
O-O O-O 16. Rd2 a6 17. Qe2 Rd7 18. Rfd1 Rb8 19. e4 fxe4 20. Nxe6 fxe6 21. Qxe4
e5 22. f4 Nc6 23. Qd5+ Kh8 24. Qe6 Rf8 25. fxe5 Nxe5 26. Rxd6 Re7 27. Qd5 Ng4
28. Rf1 Rxf1+ 29. Bxf1 Ne3 30. Rd8+ Kg7 31. Rg8+ Kf6 32. Qf3+ Ke6 33. Rf8 Qe5
34. Bg2 Nf5 35. Kh2 Kd6 36. Qd3+ Ke6 37. Bd5+ Kd7 38. Bxb7+ Nd6 39. Bg2 Qe1 40.
Qd5 Re3 41. Qg5 Nf5 42. Qd8+ Ke6 43. Bd5+ Ke5 44. Qf6# 1-0

[Event "WEM MT 2016"]
[Site "?"]
[Date "2016.08.29"]
[Round "3.14"]
[White "Koch, Martin"]
[Black "Reimche, Vadim"]
[Result "1-0"]
[WhiteElo "2059"]
[BlackElo "2053"]
[PlyCount "137"]
[EventDate "2016.??.??"]
[WhiteTeam "SC Botnang"]
[BlackTeam "SF Ravensburg"]

1. e4 c5 2. Nf3 Nc6 3. d4 cxd4 4. Nxd4 Nf6 5. Nc3 e5 6. Ndb5 d6 7. Bg5 a6 8.
Na3 b5 9. Nd5 Be7 10. Bxf6 Bxf6 11. c3 O-O 12. h4 Ne7 13. Nxf6+ gxf6 14. Bd3 d5
15. Nc2 f5 16. exf5 Bxf5 17. Bxf5 Nxf5 18. Qf3 Ng7 19. O-O-O e4 20. Qg3 f5 21.
Qe5 Qb6 22. Qxd5+ Kh8 23. Qd4 Qxd4 24. Nxd4 Nh5 25. g3 Rae8 26. Ne2 f4 27. Nxf4
Nxf4 28. gxf4 Rxf4 29. Rh2 Ref8 30. Rd4 Kg7 31. a4 R8f5 32. axb5 axb5 33. Rd7+
Kh6 34. Re7 Rf7 35. Rxf7 Rxf7 36. Kd2 Rf3 37. Rg2 b4 38. c4 Kh5 39. c5 Kxh4 40.
Rh2+ Kg5 41. Rxh7 Rxf2+ 42. Ke3 Rxb2 43. Kxe4 Rc2 44. Kd5 b3 45. Rb7 b2 46. c6
Kf6 47. Kd6 Kf5 48. c7 Ke4 49. Rxb2 Rxb2 50. c8=Q Rd2+ 51. Ke6 Re2 52. Qc4+ Ke3
53. Kf5 Kd2 54. Kf4 Rf2+ 55. Ke4 Re2+ 56. Kd4 Ke1 57. Qc3+ Kf2 58. Qh3 Rd2+ 59.
Ke4 Re2+ 60. Kd3 Re1 61. Qh2+ Kf3 62. Qh5+ Kg3 63. Qg5+ Kf3 64. Qf5+ Kg3 65.
Kd2 Rh1 66. Ke2 Rh2+ 67. Ke3 Rh3 68. Qg5+ Kh2+ 69. Kf2 1-0

[Event "WEM MT 2016"]
[Site "?"]
[Date "2016.08.30"]
[Round "4.1"]
[White "Hirneise, Jens"]
[Black "Gabriel, Josef"]
[Result "1-0"]
[WhiteElo "2271"]
[BlackElo "2080"]
[PlyCount "81"]
[EventDate "2016.??.??"]
[WhiteTeam "SF Deizisau"]
[BlackTeam "Stuttgarter SF"]

1. e4 g6 2. d4 Bg7 3. Nc3 d6 4. Be3 a6 5. f4 b5 6. Bd3 Nd7 7. Nf3 c5 8. e5 b4
9. Ne4 cxd4 10. Bxd4 d5 11. e6 Bxd4 12. exf7+ Kxf7 13. Neg5+ Kf6 14. Nxd4 Qb6
15. c3 Nc5 16. O-O Nh6 17. Kh1 bxc3 18. bxc3 Bg4 19. Rb1 Qd6 20. Be2 Bf5 21.
Nxf5 Nxf5 22. g4 h6 23. Nf3 Ng7 24. Qd4+ Kf7 25. Ne5+ Kg8 26. Nxg6 Rh7 27.
Nxe7+ Kf7 28. Nxd5 Rd8 29. Bc4 Nge6 30. Qf6+ Kg8 31. Rb6 Qf8 32. Rxe6 Nxe6 33.
Qxe6+ Kh8 34. f5 Qd6 35. Qxd6 Rxd6 36. f6 Rf7 37. h4 Rc6 38. Bd3 Rd6 39. c4 Rd8
40. g5 hxg5 41. hxg5 1-0

[Event "WEM MT 2016"]
[Site "?"]
[Date "2016.08.30"]
[Round "4.2"]
[White "Gabriel, Robert"]
[Black "Latzke, Boris"]
[Result "1/2-1/2"]
[WhiteElo "2170"]
[BlackElo "2218"]
[PlyCount "47"]
[EventDate "2016.??.??"]
[WhiteTeam "Stuttgarter SF"]
[BlackTeam "SK Bebenhausen"]

1. d4 Nf6 2. c4 e6 3. Nf3 b6 4. g3 Bb4+ 5. Bd2 Be7 6. Bg2 c6 7. Nc3 d5 8. Ne5
Nfd7 9. Nxd7 Qxd7 10. cxd5 cxd5 11. Bf4 Bb7 12. O-O O-O 13. Bxb8 Raxb8 14. Rc1
Rbc8 15. Qd3 Bb4 16. Nb5 Bc6 17. Nc3 Bxc3 18. Qxc3 Bb5 19. Qd2 Rxc1 20. Rxc1
Rc8 21. e3 Rxc1+ 22. Qxc1 Qc6 23. Qxc6 Bxc6 24. Bf1 1/2-1/2

[Event "WEM MT 2016"]
[Site "?"]
[Date "2016.08.30"]
[Round "4.3"]
[White "Neyman, Igor"]
[Black "Schulze, Ulrich"]
[Result "1-0"]
[WhiteElo "2271"]
[BlackElo "2301"]
[PlyCount "79"]
[EventDate "2016.??.??"]
[WhiteTeam "Stuttgarter SF"]
[BlackTeam "Heilbronner SV"]

1. d4 Nf6 2. c4 g6 3. f3 c5 4. d5 d6 5. e4 Bg7 6. Nc3 O-O 7. Nge2 e6 8. Bg5
exd5 9. cxd5 h6 10. Be3 a6 11. a4 Re8 12. Qd2 Kh7 13. Ng3 Nbd7 14. Be2 Rb8 15.
O-O Re7 16. Rab1 Qa5 17. Rfd1 Ne5 18. b4 cxb4 19. Na2 Qxa4 20. Rxb4 Qa3 21. Bb6
Ra8 22. Rdb1 a5 23. R4b3 Qa4 24. Bb5 Nc4 25. Qe2 Qxb3 26. Rxb3 Nxb6 27. Qd2
Nbd7 28. Ra3 b6 29. Ne2 Nc5 30. Qf4 Re5 31. Nac3 Bb7 32. Qd2 Rc8 33. Nd4 Nxd5
34. exd5 Bxd5 35. Nde2 Nb3 36. Qd1 Be6 37. Rxb3 Re3 38. Nd5 Rxb3 39. Qxb3 Rc5
40. Nef4 1-0

[Event "WEM MT 2016"]
[Site "?"]
[Date "2016.08.30"]
[Round "4.4"]
[White "Schmidt, Tobias"]
[Black "Kabisch, Thilo"]
[Result "0-1"]
[WhiteElo "2174"]
[BlackElo "2292"]
[PlyCount "82"]
[EventDate "2016.??.??"]
[WhiteTeam "SC Erdmannhausen"]
[BlackTeam "SK Schmiden/Cannstatt"]

1. e4 c5 2. c3 e6 3. d4 d5 4. exd5 exd5 5. Nf3 Bd6 6. dxc5 Bxc5 7. Bb5+ Nc6 8.
O-O Nge7 9. Nbd2 O-O 10. Nb3 Bb6 11. Re1 Bg4 12. Be3 Qd6 13. Bxb6 axb6 14. h3
Bh5 15. Be2 Bxf3 16. Bxf3 Rfd8 17. Nd4 Qc5 18. Nb3 Qc4 19. Be2 Qa4 20. Bd3 Qh4
21. Qe2 g6 22. Qe3 d4 23. cxd4 Nd5 24. Qe4 Qf6 25. Bc4 Nf4 26. Red1 Ra4 27. Bb5
Nxh3+ 28. gxh3 Qg5+ 29. Qg2 Qxb5 30. d5 Ne5 31. d6 Rf4 32. Rac1 Nf3+ 33. Kh1
Qf5 34. Rc3 Kg7 35. Qg3 Rd7 36. Re3 Rxd6 37. Rc1 Rc6 38. Rd1 Rf6 39. Rf1 Qd5
40. Qg2 R6f5 41. Rc1 Rg5 0-1

[Event "WEM MT 2016"]
[Site "?"]
[Date "2016.08.30"]
[Round "4.5"]
[White "Mareck, Sascha"]
[Black "Fischer, Sebastian"]
[Result "1/2-1/2"]
[WhiteElo "2159"]
[BlackElo "2229"]
[PlyCount "49"]
[EventDate "2016.??.??"]
[WhiteTeam "SV Nürtingen"]
[BlackTeam "TSV Schönaich"]

1. d4 f5 2. c4 d6 3. Nf3 Nc6 4. Nc3 e5 5. dxe5 dxe5 6. Qxd8+ Kxd8 7. Bg5+ Nf6
8. Bxf6+ gxf6 9. e3 Bd7 10. Be2 Bb4 11. Rc1 Ke7 12. O-O Bxc3 13. Rxc3 Be6 14.
Rfc1 Rhd8 15. a3 e4 16. Nh4 Rd2 17. R1c2 Rad8 18. Kf1 a5 19. Ke1 R2d7 20. Rb3
b6 21. f4 Na7 22. Rbc3 c5 23. Rc1 Nc6 24. Rd1 Na7 25. Rdc1 1/2-1/2

[Event "WEM MT 2016"]
[Site "?"]
[Date "2016.08.30"]
[Round "4.6"]
[White "Pogan, Nikolas"]
[Black "Engelhart, Achim"]
[Result "1/2-1/2"]
[WhiteElo "2232"]
[BlackElo "2131"]
[PlyCount "157"]
[EventDate "2016.??.??"]
[WhiteTeam "Heilbronner SV"]
[BlackTeam "SV Jedesheim"]

1. c4 c5 2. Nc3 Nc6 3. g3 g6 4. Bg2 Bg7 5. Nf3 e5 6. O-O Nge7 7. a3 O-O 8. Ne1
d6 9. Nc2 Be6 10. Ne3 Qd7 11. Ned5 Bh3 12. Nxe7+ Nxe7 13. Bxh3 Qxh3 14. d3 Qd7
15. Bg5 f6 16. Bd2 a5 17. b4 axb4 18. axb4 b6 19. Qb3 Qc6 20. Qb2 Rxa1 21. Rxa1
Ra8 22. Ra3 Kf7 23. Qa1 Rxa3 24. Qxa3 Qb7 25. Qa4 Ke6 26. Qe8 cxb4 27. Nd5 Qd7
28. Qxd7+ Kxd7 29. Nxb4 Kc7 30. Kf1 b5 31. cxb5 Kb6 32. Na6 f5 33. Bg5 Nd5 34.
e4 fxe4 35. dxe4 Nc3 36. f3 d5 37. exd5 Nxd5 38. Ke2 Kxb5 39. Nb8 Kb6 40. Kd3
Kc7 41. Na6+ Kd6 42. Bc1 Bf6 43. Kc4 Nb6+ 44. Kb5 Nd7 45. Be3 Bd8 46. Nb4 Bf6
47. Nd3 Bd8 48. Nf2 Kd5 49. Ne4 Be7 50. Nc3+ Kd6 51. Kc4 Bd8 52. Bc1 h5 53.
Ba3+ Ke6 54. h3 Nb6+ 55. Kd3 Nd5 56. Ne4 Nb6 57. Bc1 Nd7 58. Be3 Bb6 59. Bg5
Nc5+ 60. Nxc5+ Bxc5 61. Ke4 Bd6 62. Be3 Bb8 63. g4 hxg4 64. fxg4 Bd6 65. Bh6
Bb8 66. Bg7 Bc7 67. Bf8 Kf7 68. Bc5 Ke6 69. Bb4 Bb8 70. Ba5 Bd6 71. Bd8 Bb8 72.
h4 Bd6 73. h5 gxh5 74. gxh5 Bf8 75. Bg5 Bg7 76. Bc1 Bh8 77. Bb2 Bg7 78. h6 Bxh6
79. Bxe5 1/2-1/2

[Event "WEM MT 2016"]
[Site "?"]
[Date "2016.08.30"]
[Round "4.7"]
[White "Pflaum, Stefan"]
[Black "Grill, Bernd"]
[Result "1/2-1/2"]
[WhiteElo "2077"]
[BlackElo "2231"]
[PlyCount "31"]
[EventDate "2016.??.??"]
[WhiteTeam "SC Botnang"]
[BlackTeam "SV Ebersbach"]

1. d4 d6 2. Nf3 Bg4 3. e3 Nd7 4. Be2 Ngf6 5. c4 c6 6. Nc3 Qc7 7. O-O h6 8. Bd2
e5 9. Rc1 Be7 10. Be1 O-O 11. Nd2 Bxe2 12. Qxe2 Rfe8 13. dxe5 dxe5 14. f3 a5
15. Kh1 Rad8 16. Bh4 1/2-1/2

[Event "WEM MT 2016"]
[Site "?"]
[Date "2016.08.30"]
[Round "4.8"]
[White "Weigand, Bernhard"]
[Black "Wendler, Werner"]
[Result "1-0"]
[WhiteElo "2188"]
[BlackElo "2062"]
[PlyCount "101"]
[EventDate "2016.??.??"]
[WhiteTeam "SV Nürtingen"]
[BlackTeam "SK Bebenhausen"]

1. e4 e6 2. b3 d5 3. Bb2 dxe4 4. Nc3 Nf6 5. Qe2 Nc6 6. Nxe4 Be7 7. Nf3 O-O 8.
g3 a5 9. a3 Nxe4 10. Qxe4 Bf6 11. c3 Qd5 12. Bd3 g6 13. Bc2 Ne5 14. Nxe5 Qxe4+
15. Bxe4 Bxe5 16. d4 Bg7 17. f4 Rb8 18. O-O-O b6 19. Rhe1 Bb7 20. Bxb7 Rxb7 21.
d5 exd5 22. Rxd5 c6 23. Rd6 Rc8 24. Kc2 Bf8 25. Rd3 Re7 26. Rxe7 Bxe7 27. Rd7
Kf8 28. b4 axb4 29. cxb4 c5 30. Kb3 cxb4 31. axb4 Ke8 32. Rb7 Bd8 33. Bd4 Rc6
34. b5 Rc1 35. Bxb6 Bxb6 36. Rxb6 Rc7 37. Rd6 Ke7 38. Rd2 h5 39. Kb4 h4 40. b6
Rc1 41. Rd3 Rc6 42. Kb5 Rc2 43. Rd5 Rxh2 44. gxh4 Rxh4 45. b7 Rh8 46. Kc6 Rb8
47. Kc7 Rxb7+ 48. Kxb7 Ke6 49. Kc6 Kf6 50. Kd6 g5 51. fxg5+ 1-0

[Event "WEM MT 2016"]
[Site "?"]
[Date "2016.08.30"]
[Round "4.9"]
[White "Maisch, Julian"]
[Black "Koch, Martin"]
[Result "1/2-1/2"]
[WhiteElo "2113"]
[BlackElo "2059"]
[PlyCount "90"]
[EventDate "2016.??.??"]
[WhiteTeam "SF Kornwestheim"]
[BlackTeam "SC Botnang"]

1. e4 c5 2. Nf3 e6 3. b3 Nc6 4. Bb2 d6 5. d4 cxd4 6. Nxd4 Nf6 7. Nxc6 bxc6 8.
e5 dxe5 9. Qxd8+ Kxd8 10. Bxe5 Nd5 11. a3 f6 12. Bb2 e5 13. Nc3 Kc7 14. g3 Nxc3
15. Bxc3 Bf5 16. Bg2 a5 17. O-O Bc5 18. Rfc1 Rhd8 19. Be1 Bb6 20. c3 Rd6 21.
Ra2 Rad8 22. c4 Kb7 23. b4 axb4 24. axb4 Rd1 25. Raa1 Rxc1 26. Rxc1 e4 27. c5
Bc7 28. f3 Re8 29. Bc3 Be5 30. Bxe5 Rxe5 31. Rd1 Kc7 32. Ra1 Kb7 33. Re1 exf3
34. Rxe5 fxe5 35. Bxf3 Bd3 36. Kf2 e4 37. Bg4 Ka6 38. Ke3 Kb5 39. Bd7 Kxb4 40.
Bxc6 Kxc5 41. Bxe4 Bxe4 42. Kxe4 Kd6 43. Kf5 Ke7 44. g4 Kf7 45. g5 Ke7 1/2-1/2

[Event "WEM MT 2016"]
[Site "?"]
[Date "2016.08.30"]
[Round "4.10"]
[White "Amos, Frank"]
[Black "Tschlatscher, Thomas"]
[Result "0-1"]
[WhiteElo "2075"]
[BlackElo "2092"]
[PlyCount "114"]
[EventDate "2016.??.??"]
[WhiteTeam "SK Lauffen"]
[BlackTeam "Heilbronner SV"]

1. e4 e6 2. d4 d5 3. exd5 exd5 4. Nf3 Bd6 5. Bd3 Nc6 6. c3 Nge7 7. Qc2 Bg4 8.
Be3 Qd7 9. Nbd2 O-O-O 10. Ng5 Nf5 11. Nf1 h6 12. Nf3 Kb8 13. Bxf5 Bxf5 14. Qb3
Qe6 15. Ng3 Bd3 16. Qd1 Ba6 17. Qc2 g6 18. O-O-O f5 19. Rde1 Qf6 20. Bd2 f4 21.
Nf1 g5 22. h3 Rdg8 23. N3h2 Ne7 24. Ng4 Qg7 25. Nfh2 Bb5 26. Kb1 Bd7 27. Ka1
Bf5 28. Qc1 Ng6 29. Nf3 Be4 30. Ngh2 Re8 31. c4 c6 32. c5 Bc7 33. Bc3 Re7 34.
Rhg1 Rhe8 35. Nd2 Bd3 36. Rxe7 Rxe7 37. Nhf3 Re2 38. Re1 Qe7 39. Rxe2 Qxe2 40.
Qe1 Kc8 41. Qxe2 Bxe2 42. Kb1 Kd7 43. Kc2 Ke6 44. Ng1 Ba6 45. Ngf3 Kf5 46. Kd1
h5 47. Ne1 g4 48. hxg4+ hxg4 49. f3 Kg5 50. fxg4 Kxg4 51. Ndf3 Nh4 52. Nxh4
Kxh4 53. Nf3+ Kg3 54. Be1+ Kxg2 55. Nh4+ Kf1 56. Nf5 Be2+ 57. Kd2 Ba5+ 0-1

[Event "WEM MT 2016"]
[Site "?"]
[Date "2016.08.30"]
[Round "4.11"]
[White "Zuferi, Enis"]
[Black "Gheng, Josef"]
[Result "1/2-1/2"]
[WhiteElo "2192"]
[BlackElo "2319"]
[PlyCount "129"]
[EventDate "2016.??.??"]
[WhiteTeam "Heilbronner SV"]
[BlackTeam "SC Erdmannhausen"]

1. d4 c5 2. d5 e6 3. Nc3 a6 4. a4 d6 5. e4 Nf6 6. Nf3 exd5 7. Nxd5 Nxd5 8. Qxd5
Be7 9. Bc4 O-O 10. Bf4 Nc6 11. Qd3 Be6 12. c3 Na5 13. Bd5 c4 14. Qd1 Nb3 15.
Rb1 Nc5 16. O-O Nd3 17. Be3 Bxd5 18. exd5 Qa5 19. Ne1 Nc5 20. b4 cxb3 21. Bxc5
Qxc5 22. Qxb3 Rab8 23. Nd3 Qc7 24. c4 Rfc8 25. Rfc1 Bg5 26. Rc2 b5 27. axb5
axb5 28. c5 dxc5 29. Rxc5 Qd8 30. Rxb5 Rxb5 31. Qxb5 Be7 32. g3 Bd6 33. Rc1 Rb8
34. Qc6 h5 35. h4 g6 36. Kg2 Kh7 37. Ra1 Rc8 38. Qb7 Rc7 39. Qb5 Qe7 40. Re1
Qf6 41. Qe8 Rc4 42. Ne5 Bxe5 43. Rxe5 Rd4 44. Re7 Kg7 45. Rd7 Rd2 46. Qe3 Rd1
47. Qe8 Rd2 48. Qe1 Rd3 49. Qe2 Rb3 50. Qe4 Qf5 51. Qxf5 gxf5 52. Ra7 Rd3 53.
Ra5 f4 54. gxf4 Kg6 55. f3 Rd2+ 56. Kg3 f6 57. Rb5 Kh6 58. f5 Kg7 59. Rb7+ Kf8
60. Rb6 Kg7 61. d6 Kh6 62. d7 Kg7 63. Rb7 Kh6 64. Kf4 Rxd7 65. Rxd7 1/2-1/2

[Event "WEM MT 2016"]
[Site "?"]
[Date "2016.08.30"]
[Round "4.12"]
[White "Reck, Moritz"]
[Black "Namyslo, Holger"]
[Result "0-1"]
[WhiteElo "2151"]
[BlackElo "2278"]
[PlyCount "70"]
[EventDate "2016.??.??"]
[WhiteTeam "TSV Schönaich"]
[BlackTeam "TG Biberach"]

1. d4 d5 2. c4 e6 3. Nc3 c6 4. Nf3 dxc4 5. a4 Bb4 6. e3 b5 7. Ne5 Bb7 8. Qf3
Qe7 9. Bd2 Nf6 10. Qg3 O-O 11. f3 a6 12. e4 Nfd7 13. Ng4 c5 14. Qc7 Ra7 15.
dxc5 Bxc5 16. axb5 Bxe4 (16... f5 17. Nf2) 17. Qg3 Bd5 18. Ne3 axb5 19. Rxa7
Bxa7 20. Nxb5 Bxe3 21. Bxe3 Qb4+ 22. Nc3 Qxb2 23. Bd2 Nc6 24. Qd6 Nde5 25. Nd1
Qa2 26. Bc3 Rd8 (26... Bxf3 27. Bxe5 Nxe5 28. Qxe5 Bxd1 29. Kxd1 Rd8+ 30. Kc1
Qd2+ 31. Kb1 Qd1+) 27. Qc7 Nd3+ 28. Bxd3 cxd3 29. Bd2 Qa7 30. Qf4 e5 31. Qh4 f6
32. Be3 Qa5+ 33. Kf2 Ne7 34. g4 Qa2+ 35. Kg3 Qe2 0-1

[Event "WEM MT 2016"]
[Site "?"]
[Date "2016.08.31"]
[Round "5.2"]
[White "Latzke, Boris"]
[Black "Neyman, Igor"]
[Result "0-1"]
[WhiteElo "2218"]
[BlackElo "2271"]
[PlyCount "80"]
[EventDate "2016.??.??"]
[WhiteTeam "SK Bebenhausen"]
[BlackTeam "Stuttgarter SF"]

1. d4 d5 2. c4 c6 3. Nf3 dxc4 4. e3 Be6 5. Nc3 b5 6. a4 b4 7. Ne2 Nf6 8. Nf4
Bd5 9. Ne5 e6 10. Nxc4 Be7 11. Bd3 O-O 12. O-O Nbd7 13. Ne5 Bd6 14. Nxd7 Qxd7
15. Qc2 Bxf4 16. exf4 a5 17. Be3 h6 18. Rfe1 Rfe8 19. f3 Qd6 20. Rac1 Nd7 21.
Be4 b3 22. Qc3 Reb8 23. f5 exf5 24. Bxf5 Rb4 25. Qd2 Nb6 26. Bb1 Qf6 27. Qd3 g6
28. Bxh6 Nxa4 29. Re5 Nxb2 30. Qe2 Nc4 31. Re1 Rbb8 32. Bg5 Qg7 33. Qf2 Nxe5
34. dxe5 a4 35. Bf6 Qh6 36. f4 Rb4 37. Bg5 Qh5 38. Bd3 b2 39. Be7 Rb7 40. Be2
Qh7 0-1

[Event "WEM MT 2016"]
[Site "?"]
[Date "2016.08.31"]
[Round "5.3"]
[White "Fischer, Sebastian"]
[Black "Gabriel, Robert"]
[Result "0-1"]
[WhiteElo "2229"]
[BlackElo "2170"]
[PlyCount "59"]
[EventDate "2016.??.??"]
[WhiteTeam "TSV Schönaich"]
[BlackTeam "Stuttgarter SF"]

1. d4 d5 2. c4 e6 3. Nf3 Nf6 4. Nc3 Be7 5. Bg5 h6 6. Bh4 O-O 7. e3 Ne4 8. Bxe7
Qxe7 9. Rc1 c6 10. g4 Nd7 11. h4 Nxc3 12. Rxc3 g6 13. g5 h5 14. Qc2 Rd8 15. a3
a5 16. cxd5 exd5 17. Bd3 Kg7 18. Rg1 Re8 19. Kd2 Qd6 20. Kc1 Rb8 21. Kb1 Ra8
22. Rg3 Rxe3 23. Qc1 Re7 24. Bc2 b5 25. Bf5 gxf5 26. Rxc6 Qb8 27. Rh6 f4 28.
Qc2 Nf8 29. g6 fxg3 30. Qd2 0-1

[Event "WEM MT 2016"]
[Site "?"]
[Date "2016.08.31"]
[Round "5.4"]
[White "Tschlatscher, Thomas"]
[Black "Weigand, Bernhard"]
[Result "1/2-1/2"]
[WhiteElo "2092"]
[BlackElo "2188"]
[PlyCount "92"]
[EventDate "2016.??.??"]
[WhiteTeam "Heilbronner SV"]
[BlackTeam "SV Nürtingen"]

1. b3 d5 2. Bb2 Nf6 3. e3 g6 4. c4 c6 5. cxd5 cxd5 6. Bxf6 exf6 7. Ne2 Bg7 8.
Nbc3 Nc6 9. d4 O-O 10. g3 Be6 11. Bg2 Rc8 12. O-O Bh6 13. Nf4 Ne7 14. Na4 b6
15. Rc1 Qd7 16. Nxe6 fxe6 17. Qd2 Nf5 18. Rxc8 Rxc8 19. Rc1 Rxc1+ 20. Qxc1 Nxd4
21. Qb2 Nf5 22. Qxf6 Bg7 23. Qg5 Qc6 24. e4 dxe4 25. Qd2 b5 26. Nb2 Nd4 27. Nd3
e5 28. Qe3 Nf3+ 29. Bxf3 exf3 30. h4 Qd5 31. Kh2 Bh6 32. Qxh6 Qxd3 33. Qg5 Qd4
34. Kg1 Kf7 35. Qh6 Kg8 36. Qg5 Kf7 37. Qh6 Kg8 38. Qg5 Qd1+ 39. Kh2 Qd4 40.
Kg1 Qc5 41. h5 Kg7 42. hxg6 hxg6 43. b4 Qxb4 44. Qxe5+ Kh7 45. Qc7+ Kh6 46.
Qxa7 Qe1+ 1/2-1/2

[Event "WEM MT 2016"]
[Site "?"]
[Date "2016.08.31"]
[Round "5.5"]
[White "Gabriel, Josef"]
[Black "Mareck, Sascha"]
[Result "1-0"]
[WhiteElo "2080"]
[BlackElo "2159"]
[PlyCount "134"]
[EventDate "2016.??.??"]
[WhiteTeam "Stuttgarter SF"]
[BlackTeam "SV Nürtingen"]

1. e4 c5 2. Nf3 d6 3. d4 cxd4 4. Nxd4 Nf6 5. Nc3 a6 6. a4 g6 7. Be2 Bg7 8. Be3
O-O 9. h3 Nc6 10. O-O Nxd4 11. Bxd4 Be6 12. a5 Rc8 13. Re1 Bc4 14. Bf3 e5 15.
Bb6 Qe7 16. Qd2 Rc6 17. b3 Be6 18. Nd5 Bxd5 19. exd5 Rcc8 20. Rad1 Nd7 21. Bd4
Qh4 22. Re4 Qd8 23. Ba1 f5 24. Ra4 Qe7 25. Be2 e4 26. Rb4 Bxa1 27. Rxa1 Nc5 28.
Rd4 Nd7 29. c4 Rce8 30. Qh6 Nc5 31. Rb1 Qe5 32. Rdd1 f4 33. b4 Na4 34. Re1 Nc3
35. Rbc1 Nxe2+ 36. Rxe2 Rf5 37. Qh4 Rh5 38. Qg4 Rf5 39. f3 Qd4+ 40. Kh2 e3 41.
Qh4 Qd3 42. Qe1 Rc8 43. Rc3 Qd4 44. Rec2 Rff8 45. Qe2 Rfe8 46. Rd3 Qa1 47. Rd1
Qa3 48. Rb1 Qa4 49. c5 dxc5 50. bxc5 Qd4 51. Rd1 Qe5 52. Qc4 Kg7 53. d6 Red8
54. Rd5 Qf6 55. Rd4 g5 56. Qd5 Rd7 57. Rb2 Kg6 58. Rxb7 Rxb7 59. Qxb7 Qxd4 60.
Qxc8 Qd2 61. d7 Qe1 62. Qe8+ Kg7 63. Qe7+ Kg6 64. Qe6+ Kg7 65. Qg4 Qg3+ 66.
Qxg3 fxg3+ 67. Kxg3 e2 1-0

[Event "WEM MT 2016"]
[Site "?"]
[Date "2016.08.31"]
[Round "5.6"]
[White "Schulze, Ulrich"]
[Black "Maisch, Julian"]
[Result "1-0"]
[WhiteElo "2301"]
[BlackElo "2113"]
[PlyCount "87"]
[EventDate "2016.??.??"]
[WhiteTeam "Heilbronner SV"]
[BlackTeam "SF Kornwestheim"]

1. d4 d5 2. Nf3 e6 3. c4 Nf6 4. g3 Be7 5. Bg2 c6 6. Qc2 O-O 7. O-O b6 8. Rd1
Bb7 9. Bf4 Na6 10. Nc3 Rc8 11. Ne5 Nd7 12. cxd5 Nxe5 13. d6 Ng6 14. dxe7 Qxe7
15. Qa4 Nxf4 16. gxf4 f5 17. Rd3 Qh4 18. Rf3 Rf6 19. e3 Rg6 20. Rg3 Qe7 21. a3
c5 22. d5 Rd8 23. Rd1 Kf8 24. Rxg6 hxg6 25. dxe6 Rxd1+ 26. Qxd1 Bxg2 27. Kxg2
Qxe6 28. Qd8+ Kf7 29. Kg3 c4 30. Nb5 Qc6 31. Nd6+ Ke6 32. Nxc4 Qh1 33. Qe8+ Kf6
34. Qe5+ Kf7 35. Nd6+ Kg8 36. h3 Nc5 37. Ne8 Kf7 38. Nd6+ Kg8 39. Qe8+ Kh7 40.
Nf7 Ne4+ 41. Kh4 g5+ 42. fxg5 Qg1 43. Qh8+ Kg6 44. Ne5# 1-0

[Event "WEM MT 2016"]
[Site "?"]
[Date "2016.08.31"]
[Round "5.7"]
[White "Namyslo, Holger"]
[Black "Pflaum, Stefan"]
[Result "1/2-1/2"]
[WhiteElo "2278"]
[BlackElo "2077"]
[PlyCount "93"]
[EventDate "2016.??.??"]
[WhiteTeam "TG Biberach"]
[BlackTeam "SC Botnang"]

1. e4 e5 2. Nf3 Nc6 3. Bc4 Nf6 4. d3 Be7 5. c3 O-O 6. O-O d5 7. exd5 Nxd5 8.
Re1 Bg4 9. h3 Bh5 10. Nbd2 Nb6 11. Bb5 f6 12. Qe2 Re8 13. Nc4 Bf7 14. Nxb6 axb6
15. a4 Bf8 16. Be3 Re6 17. Nd2 Ne7 18. Ne4 Nd5 19. Bc4 Re8 20. Bd2 Qd7 21. Qf3
Kh8 22. Bb3 Rad8 23. Bc2 Bg6 24. Rad1 Qc8 25. Bc1 Ne7 26. Bb3 Nf5 27. g4 Nd6
28. Ng3 Nf7 29. h4 Nd6 30. Kh2 f5 31. gxf5 Nxf5 32. Nxf5 Bxf5 33. Rg1 Rd6 34.
Rg5 Rf6 35. Rdg1 Bd6 36. Qg3 e4 37. Bf4 Bxf4 38. Qxf4 Be6 39. Bxe6 Rxf4 40.
Bxc8 Rxf2+ 41. R1g2 Rxg2+ 42. Kxg2 Rxc8 43. dxe4 Rf8 44. Rd5 Kg8 45. Kg3 Rf7
46. Rd8+ Rf8 47. Rd7 1/2-1/2

[Event "WEM MT 2016"]
[Site "?"]
[Date "2016.08.31"]
[Round "5.8"]
[White "Koch, Martin"]
[Black "Pogan, Nikolas"]
[Result "0-1"]
[WhiteElo "2059"]
[BlackElo "2232"]
[PlyCount "78"]
[EventDate "2016.??.??"]
[WhiteTeam "SC Botnang"]
[BlackTeam "Heilbronner SV"]

1. e4 d6 2. d4 Nf6 3. Nc3 e5 4. dxe5 dxe5 5. Qxd8+ Kxd8 6. Nf3 Bd6 7. h3 Nbd7
8. Be3 a6 9. a3 b5 10. b4 Bb7 11. Bd3 Rc8 12. O-O-O Ke7 13. Rhe1 c5 14. bxc5
Nxc5 15. Nd5+ Nxd5 16. exd5 Nxd3+ 17. Rxd3 f6 18. Nd2 Rhd8 19. f4 Kf7 20. Bb6
Rd7 21. fxe5 Bxe5 22. Nf3 Bf4+ 23. Be3 Bxe3+ 24. Rexe3 Rxd5 25. Rxd5 Bxd5 26.
g3 Rc4 27. Kb2 Be4 28. c3 Bxf3 29. Rxf3 Re4 30. Rd3 Ke7 31. Kb3 h5 32. h4 Rg4
33. Re3+ Kd6 34. Rd3+ Kc5 35. Re3 a5 36. Kc2 Kc4 37. Kb2 f5 38. Kc2 g6 39. Kb2
Re4 0-1

[Event "WEM MT 2016"]
[Site "?"]
[Date "2016.08.31"]
[Round "5.9"]
[White "Engelhart, Achim"]
[Black "Schmidt, Tobias"]
[Result "1/2-1/2"]
[WhiteElo "2131"]
[BlackElo "2174"]
[PlyCount "47"]
[EventDate "2016.??.??"]
[WhiteTeam "SV Jedesheim"]
[BlackTeam "SC Erdmannhausen"]

1. e4 e6 2. d4 d5 3. Nd2 a6 4. Bd3 c5 5. dxc5 Bxc5 6. Ngf3 Nf6 7. O-O Nc6 8. a3
O-O 9. b4 Be7 10. Bb2 b5 11. Re1 Bb7 12. e5 Nd7 13. Nb3 Nb6 14. Nfd4 Nc4 15.
Nxc6 Bxc6 16. Bd4 Qc7 17. Qh5 g6 18. Qe2 Rfe8 19. Bc5 Bxc5 20. Nxc5 a5 21. Nb3
axb4 22. axb4 Qb6 23. c3 Rec8 24. Nc5 1/2-1/2